<?xml version="1.0" encoding="UTF-8"?><marc:collection xmlns:marc="http://www.loc.gov/MARC21/slim">
  <marc:record>
    <marc:leader>00000nas##2200000za#4500</marc:leader>
    <marc:controlfield tag="001">9.513638</marc:controlfield>
    <marc:controlfield tag="003">CaOODSP</marc:controlfield>
    <marc:controlfield tag="005">20210615082802</marc:controlfield>
    <marc:controlfield tag="007">ta</marc:controlfield>
    <marc:controlfield tag="008">150406c2005||||xxc|| p #||||f|   |0fre|d</marc:controlfield>
    <marc:datafield tag="022" ind1=" " ind2=" ">
      <marc:subfield code="a">1715-7404</marc:subfield>
    </marc:datafield>
    <marc:datafield tag="040" ind1=" " ind2=" ">
      <marc:subfield code="a">CaOODSP</marc:subfield>
      <marc:subfield code="b">fre</marc:subfield>
    </marc:datafield>
    <marc:datafield tag="043" ind1=" " ind2=" ">
      <marc:subfield code="a">n-cn---</marc:subfield>
    </marc:datafield>
    <marc:datafield tag="086" ind1="1" ind2=" ">
      <marc:subfield code="a">T52-2/2F</marc:subfield>
    </marc:datafield>
    <marc:datafield tag="110" ind1="1" ind2=" ">
      <marc:subfield code="a">Canada.</marc:subfield>
      <marc:subfield code="b">Transports Canada. </marc:subfield>
      <marc:subfield code="b">Aviation civile.</marc:subfield>
    </marc:datafield>
    <marc:datafield tag="245" ind1="1" ind2="0">
      <marc:subfield code="a">Transports Canada, manuel d'information aéronautique (AIM de TC) </marc:subfield>
    </marc:datafield>
    <marc:datafield tag="260" ind1=" " ind2=" ">
      <marc:subfield code="a">Ottawa - Ontario : </marc:subfield>
      <marc:subfield code="b">Transports Canada. </marc:subfield>
    </marc:datafield>
    <marc:datafield tag="310" ind1=" " ind2=" ">
      <marc:subfield code="a">Deux fois par année</marc:subfield>
    </marc:datafield>
    <marc:datafield tag="362" ind1="1" ind2=" ">
      <marc:subfield code="a">2005-1 (10/2005) -- 2008-2 (10/2008)</marc:subfield>
    </marc:datafield>
    <marc:datafield tag="500" ind1=" " ind2=" ">
      <marc:subfield code="a">Remplace A.I.P. Canada (TP 2300F).</marc:subfield>
    </marc:datafield>
    <marc:datafield tag="520" ind1="3" ind2=" ">
      <marc:subfield code="a">Renferme des renseignements détaillés sur l’exploitation d’aéronefs dans l’espace aérien canadien, selon les politiques et les règlements en vigueur au cours d’une période donnée. Ce manuel de référence à l’intention des membres d’équipage d’un vol intérieur porte sur des divers sujets – généralités; aérodromes; communications; météorologie; règles de l’air et services de la circulation aérienne; facilitation; recherche et sauvetage; cartes et publications aéronautiques; homologation, immatriculation et navigabilité; et discipline aéronautique. Renferme une liste détaillée des modifications apportées depuis le numéro précédent.</marc:subfield>
    </marc:datafield>
    <marc:datafield tag="775" ind1="0" ind2="8">
      <marc:subfield code="t">Transport Canada aeronautical information manual (TC AIM) </marc:subfield>
      <marc:subfield code="w">(CaOODSP)9.515312</marc:subfield>
    </marc:datafield>
    <marc:datafield tag="776" ind1="0" ind2="#">
      <marc:subfield code="t">Transports Canada, manuel d'information aéronautique </marc:subfield>
      <marc:subfield code="w">(CaOODSP)9.501380</marc:subfield>
    </marc:datafield>
  </marc:record>
</marc:collection>
